Handbook of thermal insulation design economics for pipes and equipment /
Guardado en:
| Autor Principal: | |
|---|---|
| Otros Autores: | |
| Formato: | Libro |
| Idioma: | English |
| Publicado: |
New York :
R. E. Krieger,
1980.
|
| Materias: | |
| Etiquetas: |
Agregar Etiqueta
Sin Etiquetas, Sea el primero en etiquetar este registro!
|
| LEADER | 00933cam a22002415a 4500 | ||
|---|---|---|---|
| 001 | EIQ.libpla002465 | ||
| 008 | 800117s1980####nyua#####f####001#0#eng#d | ||
| 005 | 20070619193242.0 | ||
| 245 | 1 | 0 | |a Handbook of thermal insulation design economics for pipes and equipment / |c by William C. Turner and John F. Malloy. |
| 260 | |a New York : |b R. E. Krieger, |c 1980. | ||
| 300 | |a viii, 368 p. : |b il., tablas, figuras ; |c 29 cm. | ||
| 500 | |a Incluye índice. | ||
| 020 | |a 0882758373 | ||
| 100 | 1 | |a Turner, William C., |d 1913- | |
| 700 | 1 | |a Malloy, John F., |d 1901- | |
| 082 | 0 | 0 | |a 693.8/32 |
| 650 | 4 | |a Aislamiento (Calor) |x Handbooks, manuales, etc. | |
| 650 | 4 | |a Conservación de energía |x Handbooks, manuales, etc. | |
| 650 | 0 | |a Energy conservation |x Handbooks, manuals, etc. | |
| 650 | 0 | |a Insulation (Heat) |x Handbooks, manuals, etc. | |
| 010 | |a 77010997 | ||
| 040 | |a DLC |c DLC |d AR-BbSID | ||
| 859 | |a AR-BbSID |b BIB. PLAPIQUI |h 693.332 |i T 859 |k R |p 1706 | ||
